| 000 | 00638cab a2200205 4500 | ||
|---|---|---|---|
| 001 | WB2642-02 | ||
| 008 | 090401t1990 xxu||||| |||| 00| 0 eng d | ||
| 035 | _a(Sirsi) u2762 | ||
| 041 | _aeng | ||
| 245 | _aFire safety proposals flawed | ||
| 260 | _c1990 | ||
| 350 | _a0 | ||
| 490 |
_aEstates Gazette _vno 1069 19/10/90 p1 |
||
| 520 | _aProposed changes in the building regulations regarding fire safety are criticised in light of experience by Hampshire Fire Brigade in fighting two fires last year. | ||
| 650 | _aFIRE BARRIERS | ||
| 650 | _aSPRINKLER SYSTEMS | ||
| 690 | _aBUILT ENVIRONMENT | ||
| 942 | _n0 | ||
| 948 | _c04/03/1997 | ||
| 999 |
_c1662 _d1662 |
||